00606nam a2200157 a 450000100100000000500170001000800410002704000250006808200150009310000380010824501220014626000630026830000270033150000640035850400260042200002807920200930031330.0110406s1984 dr a 000 0 spa d aDO-SdBNPbspacBNPHU axxxbA473l1 aÁlvarez V. , Jesús M.,d1916-10aLarvas de dipteros causantes de miasis facultativas y obligadas en la República Dominicana /Jesús M. Álvarez V. aSanto Domingo :bDivulgación Técnica de la SEA,c1984. a85 p. :bil. ;c21 cm. aIncluye datos biográficos del autor en la contracubierta. aBibliografías p. 82